|
|
|
|
| LEADER |
00000nam0a2200000 4500 |
| 001 |
347123 |
| 005 |
20231102005949.0 |
| 010 |
|
|
|a 9785534078343
|
| 035 |
|
|
|a (RuTPU)RU\TPU\book\379008
|
| 035 |
|
|
|a RU\TPU\book\351547
|
| 090 |
|
|
|a 347123
|
| 100 |
|
|
|a 20220222d2021 m y0rusy50 ca
|
| 101 |
0 |
|
|a rus
|
| 102 |
|
|
|a RU
|
| 105 |
|
|
|a a j 001zy
|
| 200 |
1 |
|
|a Алгоритмизация и программирование
|e учебник для вузов
|f В. В. Трофимов, Т. А. Павловская
|
| 210 |
|
|
|a Москва
|c Юрайт
|d 2021
|
| 215 |
|
|
|a 137 с.
|c ил.
|
| 225 |
1 |
|
|a Высшее образование
|
| 320 |
|
|
|a Библиогр.: с. 135
|
| 330 |
|
|
|a В учебнике, представляющем собой один из модулей дисциплины "Информатика", рассмотрены модели решения функциональных и вычислительных задач, алгоритмизация И программирование, языки программирования высокого уровня, технологии программирования.
|
| 606 |
1 |
|
|a Алгоритмизация процесса
|x Вычислительная техника
|2 stltpush
|3 (RuTPU)RU\TPU\subj\1755
|9 30452
|
| 606 |
1 |
|
|a Программирование
|2 stltpush
|3 (RuTPU)RU\TPU\subj\51780
|9 70345
|
| 610 |
1 |
|
|a языки высокого уровня
|
| 610 |
1 |
|
|a понятия
|
| 610 |
1 |
|
|a интегрированные среды
|
| 610 |
1 |
|
|a структурное программирование
|
| 610 |
1 |
|
|a данные
|
| 610 |
1 |
|
|a структуры
|
| 610 |
1 |
|
|a типы
|
| 610 |
1 |
|
|a парадигмы
|
| 610 |
1 |
|
|a технологии
|
| 610 |
1 |
|
|a учебники
|
| 675 |
|
|
|a 004.421(075.8)
|v 4
|
| 675 |
|
|
|a 004.42(075.8)
|v 4
|
| 700 |
|
1 |
|a Трофимов
|b В. В.
|g Валерий Владимирович
|
| 701 |
|
1 |
|a Павловская
|b Т. А.
|g Татьяна Александровна
|
| 702 |
|
1 |
|a Трофимов
|b В. В.
|g Валерий Владимирович
|4 340
|
| 801 |
|
1 |
|a RU
|b 63413507
|c 20161215
|
| 801 |
|
2 |
|a RU
|b 63413507
|c 20220310
|g RCR
|
| 942 |
|
|
|c BK
|